000 00397 a2200121 4500
001 ART_18761
005 20260410161920.0
008 260409a
245 1 0 _aLa prórroga de las sociedades de responsabilidad limitada
100 1 _aEscuti, Ignacio A. (h)
700 1 _aBisio de Viano, María Isabel
773 0 _tLa información
_g- Tomo XXXVII, Nº 579 (mar. 1978)
_wREV14902
999 _c27603
_d27603